Història de l'anticatalanisme : el diari ABC i els seus homes / Josep M. Figueres ; pròleg de Joaquim Ferrer el diari ABC i els seus homes / Josep M. Figueres ; pròleg de Joaquim Ferrer
ISBN:
84-88882-84-x
Descripción Física:
156 p. 24 cm
Colección:
El mèdol. Fòrum ; 15
Otros Autores:
Ferrer, Joaquim
MARC
| LEADER | 00000nam a2200000Ia 4500 | ||
|---|---|---|---|
| 001 | 19867 | ||
| 008 | 160829s1997 xx 000 0 cat d | ||
| 020 | |a 84-88882-84-x | ||
| 080 | |a H-3-47 | ||
| 100 | 1 | |a Figueres, Josep M. |q (Josep Maria), |d 1950- |9 36314 | |
| 245 | |a Història de l'anticatalanisme : |b el diari ABC i els seus homes / Josep M. Figueres ; pròleg de Joaquim Ferrer | ||
| 260 | |a Tarragona : |b El Mèdol, |c 1997 | ||
| 300 | |a 156 p. 24 cm | ||
| 490 | |a El mèdol. Fòrum ; 15 | ||
| 590 | |a Bibliografia. | ||
| 590 | |a 7è Premi d'Assaig Rovira i Virgili, 1996 | ||
| 650 | |a ABC (Diari) |9 43848 | ||
| 650 | |a Nacionalisme |x Catalunya |x S. XX |9 43849 | ||
| 700 | |a Ferrer, Joaquim |9 24499 | ||
| 901 | |a Arxiu | ||
| 942 | |n 1 | ||
| 952 | |0 0 |1 0 |4 0 |6 H347 |7 1 |9 51639 |a Arxiu |b Arxiu |d 2016-12-01 |l 0 |o H-3-47 |p 19867 |r 2016-12-01 00:00:00 |w 2016-12-01 |y ARXIU | ||
| 999 | |c 55484 |d 55484 | ||